La tombe de Nefer hotep et nefer a Deir el medina

محفوظ في:

المؤلف الرئيسي: Wild, Henri

التنسيق: كتاب

اللغة: Undetermined

منشور في: Cairo 1979

الموضوعات:

الوسوم: إضافة وسم

لا توجد وسوم, كن أول من يضع وسما على هذه التسجيلة!

رقم الطلب: (F) DT57.C185

LEADER 00476nam a2200145Ia 4500
008 230909s9999||||xx |||||||||||||| ||und||
050 4 |a (F) DT57.C185  
100 1 |a Wild, Henri  
245 1 0 |a La tombe de Nefer hotep et nefer a Deir el medina  
264 1 |a Cairo  |c 1979 
650 4 |a Neb Nefer  
650 4 |a Nefer hotep king of egypt  
942 |2 lcc  |c BK 
952 |0 0  |1 0  |2 lcc  |4 0  |7 1  |9 49988  |a ARCE  |b ARCE  |d 2023-09-09  |l 0  |o (F) DT57.C185   |r 2023-09-09 00:00:00  |w 2023-09-09  |y BK 
999 |c 54611  |d 54611